000
00329nam a2200133Ia 4500
100
_a
Smith F Willian
942
_c
BK
654
_a
Materials science and engg
245
_a
Principles Materials Science and Engg 2/e
260
_b
Mc Graw Hill
_a
New York
_c
1990
082
_a
620.112
_b
PAN
546
_a
ENGLISH
999
_c
31291
_d
31291